Le fait du prince dans les contrats administratifs en droit francais et en droit égyptien

محفوظ في:
التفاصيل البيبلوغرافية
المؤلف الرئيسي: Badaoui, Saroit (مؤلف)
التنسيق: كتاب
اللغة:الفرنسية
منشور في: París Librairie Générale de Droit et de Jurisprudence 1955
الموضوعات:
الوسوم: إضافة وسم
لا توجد وسوم, كن أول من يضع وسما على هذه التسجيلة!

MARC

LEADER 00000nam a2200000 a 4500
001 UCS0612
003 CL-VaPUC
008 970426e19550000FR |||||||||||||||||fre|d
082 0 4 |a 342.066  |b BAD  |2 21 
100 0 |a Badaoui, Saroit  |e author  |9 384312 
245 1 3 |a Le fait du prince dans les contrats administratifs en droit francais et en droit égyptien 
300 |a 239 p 
942 |c BK 
945 |d 19970426 00:00:00  |a paguirre 
260 |a París  |b Librairie Générale de Droit et de Jurisprudence  |c 1955 
650 0 |a Derecho administrativo  |9 254851 
650 0 |a Contratos  |9 255153 
650 0 |a Administración pública   |9 255343 
650 7 |a CONTENCIOSO ADMINISTRATIVO  |2 CL-VaPUC  |9 255490 
650 0 |a Contratos administrativos  |9 256130 
651 0 |a Francia  |9 255157 
651 0 |a Egipto   |9 268199 
583 |a last modification  |c 20130925 08:24:34  |k Rodrigo Vera 
999 |c 258832  |d 258830 
952 |0 0  |1 0  |4 0  |6 342_066000000000000_BAD_1955  |7 0  |8 A  |9 283148  |a BIBDER  |b BIBDER  |d 2019-11-19  |i 1838520  |o 342.066 BAD 1955  |p 1838520  |r 2023-01-25  |w 2019-11-19  |y BK  |k DER